000 00538nam a2200193Ia 4500
008 090124s9999 xx 000 0 und d
082 _b21178
_a1340
100 _aअली सलिम
245 _a भारतीय पक्षी
250 _a0
260 _c1967
300 _a121
600 _aअली सलिम
630 _a भारतीय पक्षी
700 _aसोवनी रा.वि.
700 _aअली सलिम
730 _a भारतीय पक्षी
942 _cBOOK
999 _c134965
_d134965